Kenyans arise! fight corruption now / (Record no. 7905)

MARC details
000 -LEADER
fixed length control field 00674nam a22002052 4500
001 - CONTROL NUMBER
control field 0000009415
005 - DATE AND TIME OF LATEST TRANSACTION
control field 20151217152055.0
008 - FIXED-LENGTH DATA ELEMENTS--GENERAL INFORMATION
fixed length control field 081021s xx 000 0 eng d
020 ## - INTERNATIONAL STANDARD BOOK NUMBER
Terms of availability Donation
040 ## - CATALOGING SOURCE
Original cataloging agency KABU
Transcribing agency KABU
110 2# - MAIN ENTRY--CORPORATE NAME
Corporate name or jurisdiction name as entry element National Anti-Corruption Plan.
-- 0000160922
245 10 - TITLE STATEMENT
Title Kenyans arise! fight corruption now /
Statement of responsibility, etc. National Anti-Corruption Plan [NACP]
260 ## - PUBLICATION, DISTRIBUTION, ETC. (IMPRINT)
Place of publication, distribution, etc. Nairobi :
Name of publisher, distributor, etc. NACP Secretariat,
Date of publication, distribution, etc. [2005 or 2006]
300 ## - PHYSICAL DESCRIPTION
Extent ix, 116 p.
650 #0 - SUBJECT ADDED ENTRY--TOPICAL TERM
Topical term or geographic name as entry element Corruption
General subdivision Prevention
Geographic subdivision Kenya.
-- 0000159435
908 ## - PUT COMMAND PARAMETER (RLIN)
Put command parameter 081021
950 ## - LOCAL HOLDINGS (RLIN)
-- 1
Holdings
Withdrawn status Lost status Source of classification or shelving scheme Not for loan Home library Current library Date acquired Total Checkouts Full call number Barcode Date last seen Price effective from Koha item type
    Library of Congress Classification   Kabarak, Main Campus Kabarak, Main Campus 17/12/2015   JQ 2947 ..A56C6N38 c. 2 15037 17/12/2015 17/12/2015 General Collection
    Library of Congress Classification   Kabarak, Main Campus Kabarak, Main Campus 17/12/2015   JQ 2947 ..A56C6N38 c. 3 15057 17/12/2015 17/12/2015 General Collection
Designed with assistance from East African Informatics Ltd